[Event "Florianopolis op 10th"]
[Site "Florianopolis"]
[Date "2024.01.23"]
[Round "5"]
[White "Andrade, Roberto Luiz Costa"]
[Black "De Borba, Gabriel"]
[Result "0-1"]
[WhiteElo "1962"]
[BlackElo "2171"]
[PlyCount "146"]
[EventDate "2024.01.20"]
[EventType "swiss"]
[EventRounds "10"]
[EventCountry "BRA"]
[SourceTitle "CB05_2024"]
[SourceDate "2024.01.31"]
[SourceVersion "1"]
[SourceVersionDate "2024.01.31"]
[SourceQuality "1"]

1. e4 c5 2. Nf3 e6 3. d4 cxd4 4. Nxd4 a6 5. Nc3 Qc7 6. Bd3 Nf6 7. 0-0 d6 8. Kh1 Nbd7 9. Qe2 b5 10. Bg5 Bb7 11. Rae1 h6 12. Bh4 e5 13. Nd5 Nxd5 14. Ne6 Qc8 15. exd5 g5 16. Nxf8 Kxf8 17. Bg3 Bxd5 18. Be4 Bxe4 19. Qxe4 Nf6 20. Qb4 Kg7 21. Qxd6 Rd8 22. Qxe5 Qxc2 23. Qc7 Qxc7 24. Bxc7 Rd2 25. Be5 Kg6 26. f4 Nd5 27. f5+ Kh7 28. Rd1 Rxd1 29. Rxd1 Ne3 30. Rd7 Kg8 31. f6 Re8 32. Bd4 Nf5 33. Bc3 Re6 34. g4 Rd6 35. Ra7 Ne3 36. h3 Nd5 37. Be5 Re6 38. Bd4 Nxf6 39. a3 Kg7 40. Ra8 Kg6 41. Kg2 Ne8 42. Kf3 h5 43. Ra7 f5 44. gxf5+ Kxf5 45. Rf7+ Nf6 46. Bc3 Kg6 47. Ra7 Ne8 48. Ra8 Nf6 49. Ra7 Rd6 50. Rb7 Rd3+ 51. Kg2 Ne4 52. Rg7+ Kf5 53. Bb4 Rg3+ 54. Kh2 Rb3 55. Rf7+ Ke5 56. Re7+ Kf4 57. Rf7+ Ke3 58. Rh7 Rxb2+ 59. Kg1 Kf3 60. Re7 Rg2+ 61. Kf1 Ng3+ 62. Ke1 Re2+ 63. Rxe2 Nxe2 64. Be7 g4 65. hxg4 hxg4 66. Bc5 g3 67. Kd2 g2 68. a4 b4 69. a5 g1Q 70. Bxg1 Nxg1 71. Kd3 Ne2 72. Kc4 Ke3 73. Kxb4 Kd4 0-1

[Event "Joao Pessoa de Assis Memorial 3rd"]
[Site "Joao Pessoa"]
[Date "2023.10.21"]
[Round "3"]
[White "Andrade, Roberto Luiz Costa"]
[Black "Rocha, Vitor Firmo de Souz"]
[Result "0-1"]
[WhiteElo "1959"]
[BlackElo "2223"]
[PlyCount "128"]
[EventDate "2023.10.20"]
[EventType "swiss"]
[EventRounds "6"]
[EventCountry "BRA"]
[SourceTitle "Mega2024 Update 01"]
[Source "Chessbase"]
[SourceDate "2023.11.12"]
[SourceVersion "1"]
[SourceVersionDate "2023.11.12"]
[SourceQuality "1"]

1. e4 c5 2. Nf3 e6 3. d4 cxd4 4. Nxd4 Nc6 5. Nc3 Qc7 6. Be3 Nf6 7. Qf3 a6 8. 0-0-0 b5 9. Nxc6 Qxc6 10. e5 Qxf3 11. gxf3 b4 12. Na4 Nd5 13. Rxd5 exd5 14. Nb6 Rb8 15. Bh3 Be7 16. Rg1 g6 17. Nxd5 Bd8 18. Bh6 Rb5 19. Bg7 Rxd5 20. Bxh8 Bh4 21. Rf1 a5 22. Bf6 Bxf6 23. exf6 Rd6 24. Re1+ Kd8 25. Re5 Rxf6 26. Bg2 Bb7 27. Re3 d6 28. a3 Rf4 29. axb4 axb4 30. Kd2 g5 31. Rd3 Ke7 32. Ke3 Rh4 33. h3 Bc8 34. Rd4 Rh5 35. Rxb4 Bxh3 36. Bxh3 Rxh3 37. Rb7+ Ke6 38. Ke2 Rh1 39. b4 h5 40. b5 h4 41. b6 Rb1 42. Rb8 Kf6 43. b7 Kg7 44. Rd8 Rxb7 45. Kf1 Rb6 46. Kg2 Kf6 47. Ra8 Rc6 48. Ra2 Rc3 49. Ra6 Ke5 50. Ra5+ d5 51. Ra2 f6 52. Rb2 Rc6 53. Ra2 Kd4 54. Kh3 Kc3 55. f4 Rc4 56. fxg5 fxg5 57. Ra5 d4 58. Ra2 Kd2 59. f4 gxf4 60. Kxh4 Rxc2 61. Ra4 Ke3 62. Ra8 d3 63. Re8+ Kf3 64. Rd8 d2 0-1

[Event "BRA-ch 88th"]
[Site "Recife"]
[Date "2022.12.19"]
[Round "6"]
[White "Andrade, Roberto Luiz Costa"]
[Black "Soares, Alberto M Colares"]
[Result "1-0"]
[WhiteElo "1978"]
[BlackElo "2123"]
[PlyCount "25"]
[EventDate "2022.12.15"]
[EventType "swiss"]
[EventRounds "11"]
[EventCountry "BRA"]
[SourceTitle "CBM 212 Extra"]
[Source "ChessBase"]
[SourceDate "2023.03.31"]
[SourceVersion "1"]
[SourceVersionDate "2023.03.31"]
[SourceQuality "1"]

1. e4 d6 2. d4 g6 3. f4 Bg7 4. Nf3 c5 5. d5 Bg4 6. Bb5+ Nd7 7. 0-0 a6 8. Bxd7+ Qxd7 9. Nc3 Qc7 10. h3 Bd7 11. Be3 b5 12. e5 h6 13. exd6 1-0

[Event "BRA-ch 88th"]
[Site "Recife"]
[Date "2022.12.16"]
[Round "2"]
[White "Andrade, Roberto Luiz Costa"]
[Black "Gauche, Charles"]
[Result "0-1"]
[WhiteElo "1978"]
[BlackElo "2221"]
[PlyCount "61"]
[EventDate "2022.12.15"]
[EventType "swiss"]
[EventRounds "11"]
[EventCountry "BRA"]
[SourceTitle "CBM 212 Extra"]
[Source "ChessBase"]
[SourceDate "2023.03.31"]
[SourceVersion "1"]
[SourceVersionDate "2023.03.31"]
[SourceQuality "1"]

1. e4 d5 2. exd5 Nf6 3. Bb5+ Bd7 4. Bc4 Bg4 5. f3 Bf5 6. Nc3 c6 7. dxc6 Nxc6 8. Nge2 e5 9. 0-0 Be7 10. d3 Qb6+ 11. Kh1 Rd8 12. Bg5 0-0 13. Bh4 Qa5 14. Qe1 Kh8 15. a3 Rd7 16. b4 Qd8 17. Bb5 Rc7 18. Bg3 Bd6 19. Bc4 Rd7 20. Bb5 Re8 21. Ne4 Bf8 22. Bh4 Be7 23. Bg3 Nd5 24. Qf2 f6 25. Nc5 Bxc5 26. Qxc5 Nb6 27. Bxc6 bxc6 28. Nc3 Bg6 29. Rae1 Nd5 30. Ne4 Ne7 31. f4 0-1

[Event "Joao Pessoa de Assis Memorial 2nd"]
[Site "Joao Pessoa"]
[Date "2022.10.22"]
[Round "3"]
[White "Andrade, Roberto Luiz Costa"]
[Black "De Lima, Enzo Magalhaes"]
[Result "1-0"]
[WhiteElo "1989"]
[BlackElo "1894"]
[PlyCount "97"]
[EventDate "2022.10.21"]
[EventType "swiss"]
[EventRounds "6"]
[EventCountry "BRA"]
[SourceTitle "CBM 210 Extra"]
[Source "ChessBase"]
[SourceDate "2022.11.30"]
[SourceVersion "1"]
[SourceVersionDate "2022.11.30"]
[SourceQuality "1"]

1. e4 c5 2. Nf3 d6 3. d4 cxd4 4. Nxd4 Nf6 5. Nc3 Nc6 6. Bg5 e6 7. Qd2 a6 8. 0-0-0 Bd7 9. Be2 b5 10. a3 Qb6 11. Nxc6 Bxc6 12. Bxf6 gxf6 13. Bf3 Be7 14. Qd4 Qb7 15. Rhe1 a5 16. Nd5 Bxd5 17. exd5 e5 18. Qc3 f5 19. g4 Kd7 20. gxf5 b4 21. Qc6+ Qxc6 22. dxc6+ Kc7 23. Rg1 Rhg8 24. a4 Bh4 25. Rdf1 Bxf2 26. Rxg8 Be3+ 27. Kd1 Rxg8 28. Bd5 Rg1 29. Rxg1 Bxg1 30. h3 Be3 31. Ke2 Bg5 32. Kd3 Kb6 33. Kc4 Bd8 34. Bf3 Bg5 35. Kd5 Kc7 36. Bh5 f6 37. Bf3 Bh4 38. Ke6 Bg5 39. Kf7 h5 40. Ke6 h4 41. b3 Bf4 42. Kxf6 d5 43. Bxd5 Kd6 44. Be4 Bh6 45. Kg6 Bf8 46. Kf7 Bh6 47. f6 Be3 48. Ke8 Bc5 49. f7 1-0

[Event "Joao Pessoa de Assis Memorial 2nd"]
[Site "Joao Pessoa"]
[Date "2022.10.22"]
[Round "4"]
[White "Andrade, Roberto Luiz Costa"]
[Black "Urquiza, Marcello de Albuque"]
[Result "1/2-1/2"]
[WhiteElo "1989"]
[BlackElo "2038"]
[PlyCount "33"]
[EventDate "2022.10.21"]
[EventType "swiss"]
[EventRounds "6"]
[EventCountry "BRA"]
[SourceTitle "CBM 210 Extra"]
[Source "ChessBase"]
[SourceDate "2022.11.30"]
[SourceVersion "1"]
[SourceVersionDate "2022.11.30"]
[SourceQuality "1"]

1. e4 c5 2. Nf3 e6 3. d4 cxd4 4. Nxd4 a6 5. Be2 Nf6 6. Nc3 d6 7. Bg5 Be7 8. Qd2 b5 9. a3 Bb7 10. f3 Nbd7 11. 0-0 0-0 12. Rad1 Rc8 13. Kh1 Re8 14. Bd3 d5 15. exd5 Nxd5 16. Ne4 N7f6 17. Nxf6+ 1/2-1/2

[Event "Teresina Nordeste Cup"]
[Site "Teresina"]
[Date "2022.07.24"]
[Round "5"]
[White "Andrade, Roberto Luiz Costa"]
[Black "Vieira, Jeziel Do Vale"]
[Result "0-1"]
[WhiteElo "1988"]
[BlackElo "1829"]
[PlyCount "54"]
[EventDate "2022.07.22"]
[EventType "swiss"]
[EventRounds "6"]
[EventCountry "BRA"]
[SourceTitle "CBM 209 Extra"]
[Source "ChessBase"]
[SourceDate "2022.09.30"]
[SourceVersion "1"]
[SourceVersionDate "2022.09.30"]
[SourceQuality "1"]

1. e4 c5 2. Nf3 d6 3. b4 Nf6 4. bxc5 Nxe4 5. cxd6 Qxd6 6. Be2 e5 7. 0-0 Be7 8. Ba3 Nc5 9. Nc3 0-0 10. Nb5 Qd8 11. Nxe5 a6 12. Nc3 Be6 13. Rb1 Qc7 14. Nf3 Rd8 15. Qc1 Nc6 16. Rd1 b5 17. Bxc5 Bxc5 18. a4 Qe7 19. axb5 Ba3 20. Rb2 Rab8 21. Qa1 Bxb2 22. Qxb2 axb5 23. Bxb5 Bc4 24. d3 Bxb5 25. Nxb5 Qc5 26. Rb1 Na7 27. d4 Rxb5 0-1

[Event "Teresina Nordeste Cup"]
[Site "Teresina"]
[Date "2022.07.23"]
[Round "4"]
[White "Luz, Edmundo Reis"]
[Black "Andrade, Roberto Luiz Costa"]
[Result "1-0"]
[WhiteElo "2138"]
[BlackElo "1988"]
[PlyCount "167"]
[EventDate "2022.07.22"]
[EventType "swiss"]
[EventRounds "6"]
[EventCountry "BRA"]
[SourceTitle "CBM 209 Extra"]
[Source "ChessBase"]
[SourceDate "2022.09.30"]
[SourceVersion "1"]
[SourceVersionDate "2022.09.30"]
[SourceQuality "1"]

1. e4 c5 2. Nc3 Nc6 3. g3 g6 4. Bg2 Bg7 5. Nge2 e6 6. d3 Nge7 7. 0-0 0-0 8. Be3 Nd4 9. Qd2 d5 10. exd5 exd5 11. Bg5 f6 12. Be3 Nxe2+ 13. Nxe2 d4 14. Bh6 Bxh6 15. Qxh6 Nf5 16. Qd2 Be6 17. Rfe1 Qd7 18. Nf4 Bf7 19. a4 Rae8 20. Qa5 g5 21. Ne2 Bh5 22. Kf1 Bxe2+ 23. Rxe2 Rxe2 24. Kxe2 b6 25. Qb5 Qxb5 26. axb5 Re8+ 27. Kd2 Re7 28. Ra4 Nd6 29. Bc6 Rc7 30. b4 cxb4 31. Rxb4 Nf5 32. Be4 Nd6 33. Bc6 Nf5 34. g4 Ne7 35. Rxd4 Nxc6 36. Rc4 Kf7 37. Rxc6 Rd7 38. c4 Kg6 39. Re6 Kf7 40. Re4 a5 41. bxa6 Ra7 42. Kc3 Rxa6 43. Re2 Ra3+ 44. Kd4 Rb3 45. Ke4 Ke6 46. Ra2 Kd6 47. Ra7 Rb2 48. Ke3 h6 49. Rh7 Rb1 50. Rxh6 Ke6 51. h4 gxh4 52. Rxh4 b5 53. cxb5 Rxb5 54. f4 Rb1 55. Rh6 Kf7 56. Ke4 Kg7 57. Rh2 Kg6 58. Rg2 Re1+ 59. Kd4 Rf1 60. Ke3 Re1+ 61. Kf2 Ra1 62. Rg1 Ra3 63. Rd1 Kf7 64. Ke3 Ke6 65. g5 fxg5 66. fxg5 Kf5 67. Rg1 Kg6 68. Ke4 Ra2 69. d4 Re2+ 70. Kd5 Rc2 71. Kd6 Rd2 72. d5 Rc2 73. Kd7 Rd2 74. d6 Rd3 75. Ke7 Re3+ 76. Kd8 Kf7 77. g6+ Kg7 78. d7 Ra3 79. Rc1 Kf8 80. g7+ Kxg7 81. Kc7 Ra7+ 82. Kd8 Ra8+ 83. Kc7 Ra7+ 84. Kd6 1-0

[Event "Pernambuco Magistral Masters"]
[Site "Recife"]
[Date "2021.11.11"]
[Round "4"]
[White "Andrade, Roberto Luiz Costa"]
[Black "De Santana, Jose Ricardo Gonca"]
[Result "0-1"]
[WhiteElo "2060"]
[BlackElo "2044"]
[PlyCount "58"]
[EventDate "2021.10.09"]
[EventType "tourn"]
[EventRounds "7"]
[EventCountry "BRA"]
[SourceTitle "EXT 2023"]
[Source "ChessBase"]
[SourceDate "2022.10.05"]
[SourceVersion "1"]
[SourceVersionDate "2022.10.05"]
[SourceQuality "1"]

1. e4 c5 2. Nf3 d6 3. c3 Nf6 4. Be2 g6 5. 0-0 Bg7 6. Re1 0-0 7. Bf1 Nc6 8. h3 Qc7 9. d4 e5 10. dxc5 dxc5 11. Qc2 h6 12. Be3 b6 13. a4 Bb7 14. Na3 Nd8 15. Bd3 Ne6 16. Nb5 Qb8 17. Nd2 a6 18. Na3 Nh5 19. g3 Qc7 20. Be2 Nhf4 21. Bf1 Rad8 22. Rad1 Ng5 23. Kh2 f5 24. Bxf4 exf4 25. Bg2 fxg3+ 26. fxg3 f4 27. Qb3+ Kh7 28. h4 fxg3+ 29. Kh1 Qf4 0-1

[Event "BRA-ch 87th"]
[Site "Cuiaba"]
[Date "2021.10.31"]
[Round "6"]
[White "Andrade, Roberto Luiz Costa"]
[Black "Farias, Igor Borge Cardoso"]
[Result "1/2-1/2"]
[WhiteElo "2060"]
[BlackElo "1889"]
[PlyCount "99"]
[EventDate "2021.10.28"]
[EventType "swiss"]
[EventRounds "11"]
[EventCountry "BRA"]
[SourceTitle "CBM 205 Extra"]
[Source "ChessBase"]
[SourceDate "2022.01.31"]
[SourceVersion "1"]
[SourceVersionDate "2022.01.31"]
[SourceQuality "1"]

1. e4 c5 2. Nf3 d6 3. d4 cxd4 4. Nxd4 Nf6 5. Nc3 a6 6. Bg5 e6 7. f4 Be7 8. Qf3 Qc7 9. 0-0-0 Nbd7 10. g4 b5 11. Bxf6 Nxf6 12. g5 Nd7 13. f5 Bxg5+ 14. Kb1 Ne5 15. Qh5 Bf6 16. fxe6 g6 17. Nd5 Qd8 18. Qh3 0-0 19. exf7+ Rxf7 20. Qg3 Bh4 21. Qb3 Bg4 22. Be2 Bxe2 23. Nxe2 Nc4 24. Qh3 Qg5 25. Nec3 Bf2 26. Qe6 Qe5 27. Qxe5 dxe5 28. Rhf1 b4 29. Ne2 Raf8 30. Ka1 Bd4 31. Rxf7 Bxb2+ 32. Kb1 Rxf7 33. Nb6 Nxb6 34. Kxb2 Rf3 35. Rd3 Na4+ 36. Kc1 Rxd3 37. cxd3 Nc5 38. d4 exd4 39. Nxd4 Nxe4 40. Nc6 g5 41. Nxb4 Nc5 42. Kc2 h5 43. Kc3 g4 44. Kd4 h4 45. Ke3 Kg7 46. Kf4 g3 47. hxg3 h3 48. Kf3 Kg6 49. Nxa6 Nxa6 50. g4 1/2-1/2

[Event "BRA-ch 87th"]
[Site "Cuiaba"]
[Date "2021.10.31"]
[Round "5"]
[White "Soares, Renan Barbosa Monte"]
[Black "Andrade, Roberto Luiz Costa"]
[Result "1-0"]
[WhiteElo "1886"]
[BlackElo "2060"]
[PlyCount "169"]
[EventDate "2021.10.28"]
[EventType "swiss"]
[EventRounds "11"]
[EventCountry "BRA"]
[SourceTitle "CBM 205 Extra"]
[Source "ChessBase"]
[SourceDate "2022.01.31"]
[SourceVersion "1"]
[SourceVersionDate "2022.01.31"]
[SourceQuality "1"]

1. d4 c5 2. d5 d6 3. c4 g6 4. Nc3 Nf6 5. e4 Bg7 6. f3 Na6 7. Be3 Nc7 8. Qd2 a6 9. Bd3 Bd7 10. a4 Rb8 11. a5 b5 12. axb6 Rxb6 13. Nge2 Qb8 14. 0-0 0-0 15. Ra2 Rb3 16. e5 Nfe8 17. f4 dxe5 18. Bxc5 Nd6 19. fxe5 Bxe5 20. Nd4 Rb7 21. Qe2 Bg7 22. Qxe7 Nce8 23. Qe2 Rc7 24. Nc6 Bxc6 25. dxc6 Rxc6 26. Bf2 Nf6 27. Bh4 Nde8 28. Bg3 Qb7 29. Nd5 Re6 30. Qf3 Qb3 31. Raa1 Qxb2 32. Rab1 Qd4+ 33. Bf2 Qg4 34. Bc5 Qxf3 35. Rxf3 Nd6 36. Nc7 Rd8 37. Nxe6 fxe6 38. Bb6 Rc8 39. Rb4 Nfe4 40. c5 Nxc5 41. Bxc5 Rxc5 42. Rb8+ Rc8 43. Rxc8+ Nxc8 44. Bxa6 Bd4+ 45. Kf1 Nd6 46. Ke2 Kg7 47. Kd3 e5 48. Rf1 h5 49. Rb1 Kf6 50. Rb8 Bg1 51. h3 Ba7 52. Rf8+ Ke7 53. Rh8 Kf6 54. Rf8+ Ke7 55. Rf1 Bd4 56. Kc2 Bb6 57. Bd3 g5 58. Bg6 h4 59. Kd3 Bd4 60. Rb1 Kf6 61. Bh5 Ba7 62. Ra1 e4+ 63. Ke2 Bd4 64. Ra6 Ke5 65. Bg4 Bc5 66. Kd2 Kd4 67. Be2 Bb4+ 68. Kd1 Nf5 69. Bf1 Ke3 70. Rb6 Be7 71. Re6 Bb4 72. Ba6 Kf4 73. Bb7 Ng3 74. Rf6+ Ke3 75. Re6 Bc3 76. Kc2 Be1 77. Rg6 Kf4 78. Rb6 Ba5 79. Rb5 Be1 80. Bc6 Nf5 81. Rb6 Bf2 82. Ra6 Nd4+ 83. Kd1 Nxc6 84. Rxc6 Kg3 85. Ke2 1-0

[Event "BRA-ch 87th"]
[Site "Cuiaba"]
[Date "2021.10.30"]
[Round "4"]
[White "Andrade, Roberto Luiz Costa"]
[Black "Correa, Joao Pedro Vieira"]
[Result "1/2-1/2"]
[WhiteElo "2060"]
[BlackElo "1750"]
[PlyCount "62"]
[EventDate "2021.10.28"]
[EventType "swiss"]
[EventRounds "11"]
[EventCountry "BRA"]
[SourceTitle "CBM 205 Extra"]
[Source "ChessBase"]
[SourceDate "2022.01.31"]
[SourceVersion "1"]
[SourceVersionDate "2022.01.31"]
[SourceQuality "1"]

1. e4 c5 2. Nf3 d6 3. d4 cxd4 4. Nxd4 Nf6 5. Nc3 a6 6. Bg5 e6 7. f4 Be7 8. Qf3 Qc7 9. 0-0-0 Nbd7 10. g4 b5 11. Bxf6 Nxf6 12. g5 Nd7 13. f5 Bxg5+ 14. Kb1 0-0 15. fxe6 Nb6 16. Qh5 Bf6 17. exf7+ Qxf7 18. Qxf7+ Rxf7 19. Be2 Be5 20. h3 Bd7 21. Nd5 Nxd5 22. exd5 Rf2 23. Bg4 Bxg4 24. hxg4 Bxd4 25. Rxd4 Rc8 26. c3 Re8 27. Rb4 Re5 28. Rd1 Ree2 29. a4 bxa4 30. Ka2 Kf7 31. Rdd4 Kg6 1/2-1/2

[Event "BRA-ch 87th"]
[Site "Cuiaba"]
[Date "2021.10.29"]
[Round "2"]
[White "Andrade, Roberto Luiz Costa"]
[Black "Lima, Darcy Gustavo Macha"]
[Result "0-1"]
[WhiteElo "2060"]
[BlackElo "2508"]
[PlyCount "98"]
[EventDate "2021.10.28"]
[EventType "swiss"]
[EventRounds "11"]
[EventCountry "BRA"]
[SourceTitle "CBM 205 Extra"]
[Source "ChessBase"]
[SourceDate "2022.01.31"]
[SourceVersion "1"]
[SourceVersionDate "2022.01.31"]
[SourceQuality "1"]

1. e4 g6 2. d4 d6 3. Nc3 c6 4. Be3 Nd7 5. Qd2 Bg7 6. Bd3 e5 7. Nf3 Ngf6 8. h3 0-0 9. 0-0 b5 10. a3 a6 11. Rad1 c5 12. dxe5 dxe5 13. Rfe1 Bb7 14. Bg5 Qc7 15. Bf1 Rfe8 16. Qd6 Qc8 17. Qd2 Nb6 18. Bxf6 Bxf6 19. Qh6 Bg7 20. Qh4 Rd8 21. Nd5 Nxd5 22. exd5 Rxd5 23. Rxd5 Bxd5 24. Nxe5 c4 25. c3 Qd8 26. Qxd8+ Rxd8 27. f4 Bb7 28. a4 Bf8 29. Be2 Rd2 30. axb5 axb5 31. Bf3 Bc5+ 32. Kh2 Bxf3 33. Nxf3 Rxb2 34. Re8+ Kg7 35. Kg3 Bf2+ 36. Kh2 Rc2 37. Rb8 Rxc3 38. Rxb5 Rb3 39. Rxb3 cxb3 40. Nd2 b2 41. Nb1 Kf6 42. g4 Ke6 43. Kg2 Bd4 44. Kf3 Kd5 45. Nd2 Bc3 46. Nb1 Kd4 47. Ke2 Bb4 48. f5 g5 49. f6 Ke4 0-1

[Event "Pernambuco-ch 2020"]
[Site "Recife"]
[Date "2021.08.20"]
[Round "2.5"]
[White "Santos, Lucas Henrique Azev"]
[Black "Andrade, Roberto Luiz Costa"]
[Result "0-1"]
[WhiteElo "1417"]
[BlackElo "2076"]
[PlyCount "76"]
[EventDate "2021.08.20"]
[EventType "swiss"]
[EventRounds "6"]
[EventCountry "BRA"]
[SourceTitle "EXT 2023"]
[Source "ChessBase"]
[SourceDate "2022.10.05"]
[SourceVersion "1"]
[SourceVersionDate "2022.10.05"]
[SourceQuality "1"]

1. c4 c6 2. e4 d5 3. Nc3 d4 4. Nce2 e5 5. d3 Nf6 6. h3 Bd6 7. f4 Nh5 8. g4 Qh4+ 9. Kd2 Nxf4 10. Nxf4 exf4 11. Nf3 Qd8 12. a3 c5 13. Qe2 f6 14. Ke1 Nc6 15. Kf2 Ne5 16. Nxe5 fxe5 17. Qf3 Qh4+ 18. Ke2 h5 19. Bg2 Qg5 20. h4 Qxg4 21. Qxg4 hxg4 22. Kf2 g6 23. Bd2 Be7 24. b4 Bxh4+ 25. Kg1 Rh5 26. bxc5 f3 27. Bf1 Bf2+ 28. Kxf2 Rxh1 29. Bg5 Kf7 30. Rb1 a5 31. a4 Ra6 32. Kg3 Rc6 33. Kf2 Rd6 34. Kg3 Rh5 35. Bh4 g5 36. Bxg5 Rxg5 37. Kh4 Rdg6 38. Rb5 g3 0-1

[Event "Rio de Janeiro Duchamp op 3rd"]
[Site "Rio de Janeiro"]
[Date "2019.12.08"]
[Round "3"]
[White "Andrade, Roberto Luiz Costa"]
[Black "Ribeiro, Regina"]
[Result "1/2-1/2"]
[WhiteElo "2087"]
[BlackElo "1848"]
[PlyCount "118"]
[EventDate "2019.12.07"]
[EventType "swiss"]
[EventRounds "9"]
[EventCountry "BRA"]
[SourceTitle "EXT 2021"]
[Source "ChessBase"]
[SourceDate "2020.10.23"]
[SourceVersion "1"]
[SourceVersionDate "2020.10.23"]
[SourceQuality "1"]

1. e4 c6 2. Ne2 d5 3. e5 Bf5 4. Nd4 Bg6 5. e6 Nf6 6. Be2 Qd6 7. exf7+ Kxf7 8. 0-0 e5 9. Nf3 h6 10. d4 Nbd7 11. dxe5 Nxe5 12. Nbd2 Re8 13. Kh1 Nxf3 14. Nxf3 Qc7 15. c4 Be4 16. h3 Bd6 17. Be3 b6 18. Rc1 Qd7 19. Kg1 Rhf8 20. Qa4 Re7 21. Rfd1 c5 22. Qxd7 Rxd7 23. Nd2 d4 24. Nxe4 Nxe4 25. Bf3 Re7 26. Bxe4 Rxe4 27. Bd2 Rfe8 28. Kf1 Re2 29. a3 Rxd2 30. Rxd2 Bf4 31. Rcd1 Bxd2 32. Rxd2 a5 33. a4 g5 34. Rd3 Kf6 35. Rf3+ Kg6 36. g4 Re6 37. Rf8 Kg7 38. Rb8 Kf6 39. Rf8+ Ke5 40. Rf5+ Ke4 41. Ke2 d3+ 42. Kd2 Kd4 43. Rd5+ Kxc4 44. Rxd3 Kb4 45. b3 Rf6 46. f3 c4 47. bxc4 Kxa4 48. Kc3 b5 49. cxb5 Kxb5 50. Rd5+ Kc6 51. Rxa5 Rxf3+ 52. Kd4 Rxh3 53. Ra6+ Kb5 54. Re6 Rh4 55. Re4 Kc6 56. Ke5 h5 57. Kf5 Rxg4 58. Rxg4 hxg4 59. Kxg4 Kd6 1/2-1/2

[Event "Rio de Janeiro Duchamp op 3rd"]
[Site "Rio de Janeiro"]
[Date "2019.12.08"]
[Round "2"]
[White "Molina, Roberto Junio Brito"]
[Black "Andrade, Roberto Luiz Costa"]
[Result "1-0"]
[WhiteElo "2448"]
[BlackElo "2087"]
[PlyCount "59"]
[EventDate "2019.12.07"]
[EventType "swiss"]
[EventRounds "9"]
[EventCountry "BRA"]
[SourceTitle "CBM 193 Extra"]
[Source "ChessBase"]
[SourceDate "2020.01.31"]
[SourceVersion "1"]
[SourceVersionDate "2020.01.31"]
[SourceQuality "1"]

1. d4 c5 2. d5 Nf6 3. Nc3 d6 4. e4 g6 5. Be2 Bg7 6. Nf3 0-0 7. 0-0 Na6 8. Nd2 Nc7 9. a4 Rb8 10. Nc4 b6 11. Bf4 Nd7 12. Qd2 Ne5 13. Bh6 Nxc4 14. Bxc4 a6 15. Bxg7 Kxg7 16. f4 b5 17. axb5 axb5 18. Be2 b4 19. Nd1 Nb5 20. c3 Qc7 21. Ne3 Bd7 22. Bxb5 Bxb5 23. c4 Bd7 24. Rae1 Ra8 25. h4 Ra2 26. f5 gxf5 27. exf5 Rg8 28. Ng4 Be8 29. Rxe7 Qd8 30. Qh6+ 1-0

[Event "American Continental 15th"]
[Site "Sao Paulo"]
[Date "2019.07.11"]
[Round "9"]
[White "Do Nascimento, Christian Almeida"]
[Black "Andrade, Roberto Luiz Costa"]
[Result "1-0"]
[WhiteElo "2033"]
[BlackElo "2123"]
[PlyCount "57"]
[EventDate "2019.07.05"]
[EventType "swiss"]
[EventRounds "11"]
[EventCountry "BRA"]
[SourceTitle "CBM 191 Extra"]
[Source "ChessBase"]
[SourceDate "2019.09.30"]
[SourceVersion "1"]
[SourceVersionDate "2019.09.30"]
[SourceQuality "1"]

1. d4 d5 2. Nf3 c5 3. g3 cxd4 4. Bg2 Nf6 5. 0-0 g6 6. Qxd4 Nc6 7. Qh4 h6 8. Rd1 Bg7 9. Qa4 Bd7 10. Qa3 0-0 11. Nc3 Bf5 12. Nxd5 Nxd5 13. c4 Ndb4 14. Rxd8 Raxd8 15. Qa4 Nc2 16. g4 Rd1+ 17. Bf1 Rfd8 18. gxf5 Nxa1 19. Be3 gxf5 20. Qb5 R8d6 21. Nh4 e6 22. Qxb7 Rb1 23. c5 Rdd1 24. Qxc6 Rxf1+ 25. Kg2 Rg1+ 26. Kh3 Bf6 27. Nxf5 Bg7 28. Qe8+ Bf8 29. Nxh6+ 1-0

[Event "American Continental 15th"]
[Site "Sao Paulo"]
[Date "2019.07.06"]
[Round "2"]
[White "Andrade, Roberto Luiz Costa"]
[Black "Portes Junior, Dirceu Atanazio"]
[Result "1-0"]
[WhiteElo "2123"]
[BlackElo "2019"]
[PlyCount "76"]
[EventDate "2019.07.05"]
[EventType "swiss"]
[EventRounds "11"]
[EventCountry "BRA"]
[SourceTitle "CBM 191 Extra"]
[Source "ChessBase"]
[SourceDate "2019.09.30"]
[SourceVersion "1"]
[SourceVersionDate "2019.09.30"]
[SourceQuality "1"]

1. e4 c5 2. Nf3 Nc6 3. d4 cxd4 4. Nxd4 Nf6 5. Nc3 d6 6. Bg5 e6 7. Qd2 a6 8. 0-0-0 Bd7 9. f4 b5 10. Qe1 Nxd4 11. Rxd4 Qb6 12. Bxf6 gxf6 13. Qd2 h5 14. Be2 b4 15. Nd1 a5 16. Ne3 Bb5 17. Rd1 Bxe2 18. Qxe2 a4 19. Nc4 Qc5 20. Kb1 Rc8 21. f5 b3 22. axb3 axb3 23. cxb3 Rc6 24. Rd5 Qb4 25. Rb5 Qxb5 26. Nxd6+ Bxd6 27. Qxb5 Kd7 28. Rc1 Rhc8 29. fxe6+ fxe6 30. Rxc6 Rxc6 31. Qxh5 Be5 32. Qf7+ Kd6 33. h4 Rc7 34. Qf8+ Kc6 35. h5 Rd7 36. Qc8+ Bc7 37. h6 f5 38. exf5 exf5 1-0

[Event "Norte Nordeste-ch Amateur U2200"]
[Site "Fortaleza"]
[Date "2019.04.28"]
[Round "6"]
[White "Correia, Mario Rui Costa"]
[Black "Andrade, Roberto Luiz Costa"]
[Result "1/2-1/2"]
[WhiteElo "2141"]
[BlackElo "2103"]
[PlyCount "53"]
[EventDate "2019.04.26"]
[EventType "swiss"]
[EventRounds "6"]
[EventCountry "BRA"]
[SourceTitle "EXT 2020"]
[Source "ChessBase"]
[SourceDate "2019.10.17"]
[SourceVersion "1"]
[SourceVersionDate "2019.10.17"]
[SourceQuality "1"]

1. d4 Nf6 2. c4 e6 3. g3 Bb4+ 4. Bd2 Be7 5. Bg2 c5 6. d5 exd5 7. cxd5 d6 8. Nc3 0-0 9. Nf3 Re8 10. 0-0 Bf8 11. Qc2 Na6 12. a3 b5 13. Nxb5 Rxe2 14. Rfe1 Rxe1+ 15. Rxe1 Bd7 16. Nc3 Nc7 17. Nh4 Rb8 18. Bc1 g6 19. Bf3 Ng4 20. Ne4 Be7 21. Nxc5 dxc5 22. d6 Bxd6 23. Qd1 Nxh2 24. Qxd6 Nxf3+ 25. Nxf3 Bg4 26. Qxd8+ Rxd8 27. Ne5 1/2-1/2

[Event "Norte Nordeste-ch Amateur U2200"]
[Site "Fortaleza"]
[Date "2019.04.26"]
[Round "2"]
[White "Amorim, Daniel Madson De Me"]
[Black "Andrade, Roberto Luiz Costa"]
[Result "0-1"]
[WhiteElo "2158"]
[BlackElo "2103"]
[PlyCount "86"]
[EventDate "2019.04.26"]
[EventType "swiss"]
[EventRounds "6"]
[EventCountry "BRA"]
[SourceTitle "EXT 2020"]
[Source "ChessBase"]
[SourceDate "2019.10.17"]
[SourceVersion "1"]
[SourceVersionDate "2019.10.17"]
[SourceQuality "1"]

1. d4 Nf6 2. c4 e6 3. Nc3 Bb4 4. a3 Bxc3+ 5. bxc3 c5 6. f3 0-0 7. e4 Qa5 8. e5 Ne8 9. Bd2 d6 10. f4 f6 11. Bd3 dxe5 12. fxe5 fxe5 13. dxe5 Qd8 14. Be3 Qh4+ 15. g3 Qe7 16. Qg4 Bd7 17. Qe4 Rf5 18. Qxb7 Rxe5 19. 0-0-0 Rxe3 20. Qxa8 Nc6 21. Kd2 Rxd3+ 22. Kxd3 Ne5+ 23. Ke2 Bc6 24. Qb8 Qf6 25. Rf1 Qg5 26. Nf3 Qh5 27. g4 Nxg4 28. Rhg1 Nxh2 29. Qg3 Nxf1 30. Rxf1 h6 31. Ke1 Qf5 32. Ne5 Qe4+ 33. Kd2 Ba4 34. Qe3 Qc2+ 35. Ke1 Nf6 36. Rg1 Ne4 37. Kf1 Nd2+ 38. Ke1 Ne4 39. Kf1 Nxc3 40. Nd3 e5 41. Nxc5 Bc6 42. Ne6 Qd1+ 43. Kf2 Ne4+ 0-1